书目信息 |
| 题名: |
东亚现代性与西方现代性
|
|
| 作者: | 夏光, 著 | |
| 分册: | ||
| 出版信息: | 北京 三联书店 2005.09 |
|
| 页数: | 377页 | |
| 开本: | 21cm | |
| 丛书名: | ||
| 单 册: | ||
| 中图分类: | B0-03 | |
| 科图分类: | ||
| 主题词: | 比较哲学--bi jiao zhe xue--研究 , 东西文化--dong xi wen hua--对比研究 | |
| 电子资源: | ||
| ISBN: | 7-108-02312-1 | |
| 000 | 01007nam0 2200253 450 | |
| 001 | 012006934875 | |
| 005 | 20060913090939.21 | |
| 010 | @a7-108-02312-1@dCNY24.00 | |
| 100 | @a20060621d2005 km y0chiy0120 ea | |
| 101 | 0 | @achi |
| 102 | @aCN@b110000 | |
| 105 | @ay a 000yy | |
| 200 | 1 | @a东亚现代性与西方现代性@Adong ya xian dai xing yu xi fang xian dai xing@e从文化的角度看@f夏光 [著]@Fxia guang[zhu] |
| 210 | @a北京@c三联书店@d2005.09 | |
| 215 | @a377页@d21cm | |
| 320 | @a有书目 (第330-369页)。 | |
| 330 | @a从文化的角度来比较东西方现代性的差异是文化研究中很重要的课题,作者在这个课题上下了很扎实的功夫,对不同的文化传统究竟如何影响相应的现代性模式进行深入、系统的理论分析,并引入了一些重要的社会学层面的研究。 | |
| 517 | 1 | @a从文化的角度看@Acong wen hua de jiao du kan |
| 606 | 0 | @a比较哲学@Abi jiao zhe xue@x研究 |
| 606 | 0 | @a东西文化@Adong xi wen hua@x对比研究 |
| 690 | @aB0-03@v4 | |
| 701 | 0 | @a夏光,@Axia guang,@f1964-@4著 |
| 801 | 0 | @aCN@bQSSK@c20060913 |
| 905 | @a10447@dB0-03@eX184 | |
| 东亚现代性与西方现代性:从文化的角度看/夏光 [著].-北京:三联书店,2005.09 |
| 377页;21cm |
| ISBN 7-108-02312-1:CNY24.00 |
| 从文化的角度来比较东西方现代性的差异是文化研究中很重要的课题,作者在这个课题上下了很扎实的功夫,对不同的文化传统究竟如何影响相应的现代性模式进行深入、系统的理论分析,并引入了一些重要的社会学层面的研究。 |
| ● |
| 相关链接 |
|
|
|
正题名:东亚现代性与西方现代性
索取号:B0-03/X184
 
预约/预借
| 序号 | 登录号 | 条形码 | 馆藏地/架位号 | 状态 | 备注 |
| 1 | 590137 | 205901372 | 社科库509/509社科库 7排1列5层/ [索取号:B0-03/X184] | 在馆 | |
| 2 | 590138 | 205901381 | 社科库509/509社科库 7排1列5层/ [索取号:B0-03/X184] | 在馆 | |
| 3 | 590139 | 205901390 | 社科库509/509社科库 7排1列5层/ [索取号:B0-03/X184] | 在馆 |